000 00528cam a22002171 4500
001 sa 63004621
003 DLC
005 20260227111950.0
008 890503s1962 ii 000 1 maro
010 _asa 63004621
035 _a(OCoLC)19650183
040 _aDLC
_cWaU
_dDLC
042 _apremarc
050 0 0 _aPK2418.J62
_bA83
100 1 _aJoshi, Shripad,
_d1920-
245 1 0 _aAnantā, kāya re kelãsa hẽ?
260 _c[1962]
300 _a3, 143 p.
_c19 cm.
500 _aIn Marathi.
500 _aShort stories.
999 _c55764
_d55764